Score 0/20 Timer 03:00
1 Play Today
% Correct
Echo
88.9%
Black Panther
88.7%
Vision
84.5%
Beast
83%
Black Widow
82.3%
Quicksilver
81.2%
Swordsman
81%
Falcon
79.9%
Mantis
79%
Wasp
76.6%
% Correct
War Machine
75.7%
Iron Man
73.5%
Manifold
63.4%
Spiderman
62.6%
Valkyrie
61.5%
Hawkeye
57.5%
Hercules
48.8%
Drax
44.6%
Hulk
41.5%
Thor
22.5%
Remove Ads.
Support Sporcle.
Get the best of Sporcle when you Go Orange. This ad-free experience offers more features, more stats, and more fun while also helping to support Sporcle. Thank you for becoming a member.

You're not logged in!

Compare scores with friends on all Sporcle quizzes.
OR
Log In

Show Comments

Extras

Top Quizzes Today


Score Distribution

Your Account Isn't Verified!

In order to create a playlist on Sporcle, you need to verify the email address you used during registration. Go to your Sporcle Settings to finish the process.

Report this User

Report this user for behavior that violates our Community Guidelines.

Details: